000 00285nam a22001217a 4500
008 180215b xxu||||| |||| 00| 0 eng d
041 _aeng
080 _a61
100 _a3
101 _aSHM
245 _aTHE NATURE OF SUFFERING AND THE GOALS OF MEDICINE
942 _2udc
_cBK
999 _c42665
_d42665